Planning open pit mines (Record no. 81954)

MARC details
000 -LEADER
fixed length control field 00860nam a2200169 a 4500
008 - FIXED-LENGTH DATA ELEMENTS--GENERAL INFORMATION
fixed length control field 120416s1971 ||||||||||||||||| || u
050 ## - LIBRARY OF CONGRESS CALL NUMBER
Classification number TN 291 Sym
100 ## - MAIN ENTRY--PERSONAL NAME
Personal name Van Rensberg, P.W.J
245 10 - TITLE STATEMENT
Title Planning open pit mines
Statement of responsibility, etc. edited by P.W.J. Van Rensberg
246 ## -
-- proceedings...
260 ## - PUBLICATION, DISTRIBUTION, ETC.
Place of publication, distribution, etc. Cape Town
Name of publisher, distributor, etc. Belkema (AA) for the South African Insti
Date of publication, distribution, etc. 1971
300 ## - PHYSICAL DESCRIPTION
Extent xxi, 388p. : ill
350 ## -
-- 0.00
995 ## -
-- BINDERY (DAMAGED)
-- 0.00
-- 716935
-- CBU-MAIN LIBRARY (Kitwe)
-- 2
-- 16.25
-- TN 291 Sym
-- 1
-- DAMAGED
-- 015868
-- Main Library Open Access Collection
995 ## -
-- BINDERY (DAMAGED)
-- 0.00
-- 716933
-- CBU-MAIN LIBRARY (Kitwe)
-- 3
-- 16.25
-- TN 291 Sym
-- 2
-- DAMAGED
-- 015869
-- Main Library Open Access Collection
995 ## -
-- BINDERY (DAMAGED)
-- 0.00
-- 716934
-- CBU-MAIN LIBRARY (Kitwe)
-- 1
-- 16.25
-- TN 291 Sym
-- 3
-- DAMAGED
-- 015870
-- Main Library Open Access Collection
999 ## -
-- 81954
-- 81954
Holdings
Withdrawn status Lost status Source of classification or shelving scheme Damaged status Not for loan Permanent Location Current Location Shelving location Date acquired Total Checkouts Full call number Barcode Date last seen Copy number Price effective from Koha item type
          CBU-MAIN LIBRARY, KITWE. CBU-MAIN LIBRARY, KITWE.   09/12/2023   TN 291 Sym 015868 09/12/2023 1 09/12/2023 MONOGRAPH
          CBU-MAIN LIBRARY, KITWE. CBU-MAIN LIBRARY, KITWE.   09/12/2023   TN 291 Sym 015869 09/12/2023 2 09/12/2023 MONOGRAPH
          CBU-MAIN LIBRARY, KITWE. CBU-MAIN LIBRARY, KITWE.   09/12/2023   TN 291 Sym 015870 09/12/2023 3 09/12/2023 MONOGRAPH